Dylan Thomas / (Record no. 9462)
[ view plain ]
| 000 -LEADER | |
|---|---|
| fixed length control field | 00965nam a2200289 a 4500 |
| 001 - CONTROL NUMBER | |
| JCCL Control Number | 9462 |
| 003 - CONTROL NUMBER IDENTIFIER | |
| JCCL marc code | BD-JhCC |
| 005 - DATE AND TIME OF LATEST TRANSACTION | |
| control field | 20180314170609.0 |
| 008 - FIXED-LENGTH DATA ELEMENTS--GENERAL INFORMATION | |
| fixed length control field | 180314s19531964enka b 000 0 eng d |
| 035 ## - SYSTEM CONTROL NUMBER | |
| system control number | 74-99983 |
| 035 ## - SYSTEM CONTROL NUMBER | |
| system control number | (BD-JhCC)9462 |
| 040 ## - CATALOGING SOURCE | |
| Original cataloging agency | BD-JhCC |
| Transcribing agency | BD-JhCC |
| Modifying agency | m.c |
| 041 ## - LANGUAGE CODE | |
| Language code of Book | eng |
| 082 ## - DEWEY DECIMAL CLASSIFICATION NUMBER | |
| Classification number | 821.912 |
| Author mark and Year | FRA 1953 |
| 100 1# - MAIN ENTRY--PERSONAL NAME | |
| Personal name | Fraser, G. S. |
| Fuller form of name | (George Sutherland), |
| Dates associated with a name | 1915-1980 |
| 245 10 - TITLE STATEMENT | |
| Title | Dylan Thomas / |
| Statement of responsibility, etc | by G. S. Fraser |
| 250 ## - EDITION STATEMENT | |
| Edition statement | 1st ed., repr. with additions to bibliography |
| 260 ## - PUBLICATION, DISTRIBUTION, ETC. (IMPRINT) | |
| Place of publication, distribution, etc | Harlow : |
| Name of publisher, distributor, etc | Published for the British Council and the National Book League, by Longmans, Green, |
| Date of publication, distribution, etc | 1969 |
| 300 ## - PHYSICAL DESCRIPTION | |
| Pagination | 36 p. : |
| Other physical details | port ; |
| Dimensions | 22 cm |
| 490 1# - SERIES STATEMENT | |
| Series statement | Writers and their work ; |
| Volume number/sequential designation | 90 |
| 500 ## - GENERAL NOTE | |
| General note | A reprint, with additions to the bibliography, of the revised ed. published 1964. |
| 504 ## - BIBLIOGRAPHY, ETC. NOTE | |
| Bibliography, etc | Bibliography: p. 35-36 |
| 600 10 - SUBJECT ADDED ENTRY--PERSONAL NAME | |
| Personal name | Thomas, Dylan, |
| Dates associated with a name | 1914-1953. |
| 830 #0 - SERIES ADDED ENTRY--UNIFORM TITLE | |
| Uniform title | Writers and their work ; |
| Volume number/sequential designation | 90. |
| 942 ## - ADDED ENTRY ELEMENTS (KOHA) | |
| Source of classification or shelving scheme | Dewey Decimal Classification |
| Koha item type | Books |
| Source of classification or shelving scheme | Damaged status | Not for loan | Home library | Current library | Shelving location | Date of accession | Total Checkouts | Full call number | Barcode | Date last seen | Copy number | Koha item type |
|---|---|---|---|---|---|---|---|---|---|---|---|---|
| Dewey Decimal Classification | JCC Rouf Library | JCC Rouf Library | General Stacks | 03/14/2018 | 821.912 FRA 1953 | 12483 | 03/14/2018 | C-1 | Books |